00386nam a2200145Ia 4500008004100000041001200041082001100053100001400064245008600078250000800164260002500172300000800197650001600205700001900221221030s9999 xx 000 0 und d aEnglish a105.23 aM. K. Roy 0aCOBOL Programming Including MS - Cobol & Cobol - 85cby M. K. Roy, D. G. Dastidar a2nd bTMHaNew Delhic1992 a496 aBE Computer aD. G. Dastidar